• 首页
  • 本馆介绍
  • 公告通知
  • 最新文献
  • 馆藏检索
  • 电子资源
  • 读者导购
  • 参考咨询
  • 我的图书馆
  • 登录
  • 详细信息显示
  • 放入我的书架
  • 预约/预借图书
  • 作者相关作品
  • 分类相关作品
  • 丛书相关作品
  • 出版社相关作品

书目信息

  • 表格格式
  • 工作单格式
  • 卡片格式
题名:
环境微生物作用与技术研究
    
 
作者: 姜华 著
分册:  
出版信息: 北京   中国水利水电出版社  2014.09
页数: 277页
开本: 26cm
丛书名:
单 册:
中图分类: X172
科图分类:
主题词: 环境生物学
电子资源:
ISBN: 7-5170-2565-1
000 00573nam0 2200193 450
001 192
005 20160906092923.07
010    @a7-5170-2565-1@dCNY54.00
100    @a20160721d2014 km y0chiy0120 ea
101 0  @achi
102    @aCN@b110000
200 1  @a环境微生物作用与技术研究@Ahuan jing wei sheng wu zuo yong yu ji shu yan jiu@f姜华著@Fjiang hua zhu
210    @a北京@c中国水利水电出版社@d2014.09
215    @a277页@d26cm
606 0  @a环境生物学
690    @aX172@v4
701  0 @a姜华@Ajiang hua@4著
801  0 @aCN@b唐山师范学院图书馆@c20160721
905    @aZUCC@dX172@e214
    
    环境微生物作用与技术研究/姜华著.-北京:中国水利水电出版社,2014.09
    277页;26cm
    
    
    ISBN 7-5170-2565-1:CNY54.00
    
●
相关链接 在E读中查询图书 在五车中查询图书 在当当中查询图书 在豆瓣中查询图书


正题名:环境微生物作用与技术研究     索取号:X172/214         预约/预借

序号 登录号 条形码 馆藏地/架位号 状态 备注
1 0900802   209008027   第二样本阅览室/ [索取号:X172/214] 在馆    
2 0900803   209008036   第三借阅区/ [索取号:X172/214] 在馆    
3 0900804   209008045   第三借阅区/ [索取号:X172/214] 在馆    
4 0900805   209008054   密集书库-生命科学系/ [索取号:X172/214] 在馆    
5 0900806   209008063   第三借阅区/ [索取号:X172/214] 在馆    
欢迎您!
大连网信软件有限公司© 版权所有